مكتبة جامعة عجلون الوطنية

فهرس بحث المكتبة

Normal view MARC view
  • السباحة -علاج - الرياضة

Entry Topical Term

Number of records used in: 1

001 - CONTROL NUMBER

  • control field: 7703

003 - CONTROL NUMBER IDENTIFIER

  • control field: JO-AjAnu

005 - DATE AND TIME OF LATEST TRANSACTION

  • control field: 20230606071538.0

008 - FIXED-LENGTH DATA ELEMENTS

  • fixed length control field: 230606|| aca||aabn | a|a d

040 ## - CATALOGING SOURCE

  • Original cataloging agency: JO-AjAnu
  • Transcribing agency: JO-AjAnu

150 ## - HEADING--TOPICAL TERM

  • Topical term or geographic name entry element: السباحة -علاج - الرياضة

670 ## - SOURCE DATA FOUND

  • Source citation: Work cat.: (JO-AjAnu)3982: تاليف بولتون، اليزابيت، م.مشارك كودوين، ديانا؛ ترجمة التكريتي، وديع ياسين، ترجمة حديث، مازن عبد الرحمن, author 7702, المدخل الى التمرينات العلاجية في حوض السياحة